Prednosť výroby bukového reziva v a.s. Bukóza, Vranov

Bibliographic Details
Main Authors: Šúriková, Anna, 1945- (Author), Detvaj, Juraj, 1948- (Author)
Format: Article
Language:Slovak
PhysicalDescription:Obr. 1, tab. 5, res. angl.
ISBN:8022801941
Subjects:

MARC

LEADER 00000nab a2200000 a 4500
001 vtls000476253
003 SK-MaSNL
005 20260303215057.0
008 120927c1992 xo 0 slo
015 |a SNBRA19rr/mm-uuuuu 
035 |a CL0476387 
040 |a SNKBUCL  |b slo  |c SNKBUCL  |e AACR2 
041 0 |a slo 
044 |a xo  |c SK 
080 |a 674.031.632.2-414  |2 1981 
100 1 |a Šúriková, Anna,  |d 1945-  |4 aut  |9 112051 
245 1 0 |a Prednosť výroby bukového reziva v a.s. Bukóza, Vranov  |c Anna Šúriková, Juraj Detvaj 
300 |b Obr. 1, tab. 5, res. angl. 
650 0 7 |a rezivo bukové  |2 snkbucl  |9 985278 
650 0 7 |a Bukóza a.s., Vranov nad Topľou  |2 snkbucl  |9 1250843 
651 7 |a 5413  |2 snkbucl  |9 376029 
655 7 |a články zo zborníkov  |2 snkbucl  |9 166140 
700 1 |a Detvaj, Juraj,  |d 1948-  |4 aut  |9 99738 
773 0 |t Ekologicko-ekonomický význam buka  |d Zvolen : Technická univerzita, 1992  |g S. 260-267  |z 8022801941 
850 |a Slovenská národná knižnica v Martine  |a MTA001 
852 |a SNK  |b KIS3GCP 
958 |a RK 
992 |a RZB 
999 |c 2220009  |d 2221939